Mario Kart World Characters - Statistics

General Stats
  • This quiz has been taken 108 times
    105 since last reset
  • The average score is 36 of 50
Answer Stats
Debut Mariokart game as a playable character Debut Mario game Character % Correct
Super Mario Kart Mario Bros. (1983) Luigi
100%
Super Mario Kart Donkey Kong (1981) Mario
100%
Super Mario Kart Super Mario Bros. (1985) Peach
100%
Mario Kart 64 Donkey Kong (1981) Donkey Kong
98%
Super Mario Kart Super Mario World (1990) Yoshi
98%
Super Mario Kart Super Mario Bros. (1985) Bowser
97%
Mario Kart: Double Dash!! Super Mario Land (1989) Daisy
95%
Super Mario Kart Super Mario Bros. (1985) Toad
95%
Super Mario Kart Super Mario Bros. (1985) Koopa Troopa
94%
Mario Kart 64 Super Mario Land 2: 6 Golden Coins (1992) Wario
94%
Mario Kart: Double Dash!! Super Mario World 2: Yoshi's Island (1995) Baby Mario
92%
Mario Kart Wii Super Mario Galaxy (2007) Rosalina
92%
Mario Kart: Double Dash!! Mario Tennis (2000) Waluigi
92%
Mario Kart: Double Dash!! Super Mario World 2: Yoshi's Island (1995) Baby Luigi
91%
Mario Kart: Double Dash!! Luigi's Mansion (2001) King Boo
91%
Mario Kart: Double Dash!! Mario Kart: Double Dash!! (2003) Toadette
89%
Mario Kart: Double Dash!! Super Mario Sunshine (2002) Bowser Jr.
88%
Mario Kart Wii Mario Kart Wii (2008) Baby Daisy
86%
Mario Kart Wii Mario & Luigi: Partners in Time (2005) Baby Peach
86%
Mario Kart World Super Mario Bros. (1985) Goomba
86%
Mario Kart 8 Mario Kart 8 (2014) Baby Rosalina
84%
Mario Kart Tour Donkey Kong (1981) Pauline
84%
Mario Kart DS Super Mario Bros. 2 (1988) Shy Guy
84%
Mario Kart: Double Dash!! Super Mario Bros. 2 (1988) Birdo
80%
Mario Kart DS Super Mario Bros. 3 (1988) Dry Bones
80%
Mario Kart 7 Super Mario Bros. (1985) Lakitu
72%
Mario Kart Tour New Super Mario Bros. U (2012) Nabbit
70%
Mario Kart World Super Mario Bros. (1985) Piranha Plant
61%
Mario Kart World Super Mario Bros. (1985) Cheep Cheep
59%
Mario Kart Tour Super Mario Bros. (1985) Hammer Bro
59%
Mario Kart Tour Super Mario World (1990) Monty Mole
59%
Mario Kart World Mario Kart 64 (1996) Moo Moo
59%
Mario Kart World Super Mario Sunshine (2002) Pianta
59%
Mario Kart World Super Mario Bros. 3 (1988) Spike
58%
Mario Kart DS Super Mario World (1990) Wiggler
58%
Mario Kart Tour Super Mario World (1990) Chargin' Chuck
56%
Mario Kart World Super Mario 3D World (2013) Conkdor
56%
Mario Kart World Super Mario World (1990) Dolphin
56%
Mario Kart World Mario Bros. (1983) Sidestepper
56%
Mario Kart World Super Mario Sunshine (2002) Cataquack
55%
Mario Kart World Super Mario World (1990) Fish Bone
55%
Mario Kart World Super Mario 64 (1996) Penguin
53%
Mario Kart World Super Mario Bros. 2 (1988) Pokey
53%
Mario Kart World Super Mario 3D Land (2011) Peepa
45%
Mario Kart World Super Mario 3D Land (2011) Para-Biddybud
44%
Mario Kart World Super Mario Bros. 3 (1988) Rocky Wrench
44%
Mario Kart World Super Mario 3D Land (2011) Stingby
44%
Mario Kart World Super Mario 64 (1996) Snowman
42%
Mario Kart World Super Mario World (1990) Swoop
42%
Mario Kart World Super Mario 3D Land (2011) Coin Coffer
36%
No matching quizzes found
Score Distribution
Percent of People with Each Score
Percentile by Number Answered
Your Score History
You have not taken this quiz since the last reset